[Event "51st Groningen Open A 2013"]
[Site "Groningen NED"]
[Date "2013.12.21"]
[Round "1.2"]
[White "Calzetta Ruiz, Monica"]
[Black "L'Ami, Erwin"]
[Result "0-1"]
[WhiteTitle "WGM"]
[BlackTitle "GM"]
[WhiteElo "2234"]
[BlackElo "2645"]
[WhiteFideId "2204185"]
[BlackFideId "1007998"]
[EventDate "2013.12.21"]

1. e4 e5 2. Nf3 Nc6 3. Bb5 a6 4. Ba4 Nf6 5. Qe2 Be7 6. c3 b5 7. Bc2 O-O 8. O-O
d5 9. d4 Bg4 10. Nbd2 exd4 11. e5 Nd7 12. Qd3 g6 13. cxd4 Nb4 14. Qc3 Nxc2 15.
Qxc2 c5 16. h3 Bf5 17. Qb3 c4 18. Qe3 f6 19. Re1 fxe5 20. dxe5 Bc5 21. Qh6 Qe7
22. Nf1 Be4 23. Bg5 Qe6 24. N1d2 Nxe5 25. Nxe4 dxe4 26. Rxe4 Rxf3 0-1

[Event "51st Groningen Open A 2013"]
[Site "Groningen NED"]
[Date "2013.12.21"]
[Round "1.4"]
[White "Romanov, Evgeny"]
[Black "Heemskerk, Wim"]
[Result "1-0"]
[WhiteTitle "GM"]
[BlackTitle "FM"]
[WhiteElo "2654"]
[BlackElo "2240"]
[WhiteFideId "4148843"]
[BlackFideId "1001000"]
[EventDate "2013.12.21"]

1. e4 e6 2. Qe2 c5 3. Nf3 Nc6 4. g3 g6 5. Bg2 Bg7 6. O-O Nge7 7. c3 d5 8. e5 b6
9. Na3 O-O 10. d3 h6 11. h4 Ba6 12. Nc2 Nf5 13. Bf4 Rc8 14. Rfe1 Kh7 15. Rad1
Rc7 16. Nh2 Nce7 17. Ng4 Ng8 18. c4 Bb7 19. Nge3 Nge7 20. d4 cxd4 21. Nxf5 Nxf5
22. cxd5 Bxd5 23. Nxd4 Bc4 24. Nxe6 Bxe2 25. Rxd8 fxe6 26. Rxf8 Bxf8 27. Rxe2
Rd7 28. Be4 Kg7 29. Kg2 Bc5 30. Rd2 Rd4 31. Rxd4 Bxd4 32. b3 Bc3 33. Kf3 Bd4 34.
Ke2 Ne7 35. g4 Bc3 36. f3 b5 37. Bg3 Bd4 38. Bf2 Bxe5 39. Bxa7 h5 40. gxh5 gxh5
41. a4 Nc8 42. Bf2 bxa4 43. bxa4 Bc7 44. Kd3 Nd6 45. Be1 Kf7 46. a5 Kf6 47. a6
Nb5 48. Bf2 Bb8 49. Kc4 Nd6+ 50. Kb4 Nc8 51. Kb5 1-0

[Event "51st Groningen Open A 2013"]
[Site "Groningen NED"]
[Date "2013.12.21"]
[Round "1.5"]
[White "Christiansen, Johan-Sebastian"]
[Black "Spoelman, Wouter"]
[Result "0-1"]
[BlackTitle "GM"]
[WhiteElo "2217"]
[BlackElo "2585"]
[WhiteFideId "1512668"]
[BlackFideId "1010891"]
[EventDate "2013.12.21"]

1. c4 e5 2. g3 Nf6 3. Bg2 d5 4. cxd5 Nxd5 5. Nf3 Nc6 6. O-O Nb6 7. d3 Be7 8. a3
O-O 9. Nc3 Be6 10. b4 a5 11. b5 Nd4 12. Rb1 f6 13. Nd2 Qc8 14. Re1 a4 15. e3 Nf5
16. Qc2 Rd8 17. Nce4 Kh8 18. Rd1 Bd5 19. Bf1 Nd6 20. Nc3 Bf7 21. Bg2 Bh5 22. Re1
Qd7 23. Bf1 Bg6 24. Rd1 Ra5 25. Be2 Nxb5 26. Nxb5 Rxb5 27. Rxb5 Qxb5 28. Qxc7
Nd5 29. Qc2 Qd7 30. Ne4 Rc8 31. Qb2 f5 32. Qxe5 fxe4 33. dxe4 Qc7 34. Qxd5 Rd8
35. Qe6 Rxd1+ 36. Bxd1 Qxc1 37. Qxe7 Qxd1+ 38. Kg2 Qb3 39. f4 h6 40. f5 Bh5 41.
Kh3 Qd1 42. Qxb7 Qg4+ 43. Kg2 Qe2+ 44. Kh3 Bf3 45. Qb8+ Kh7 46. g4 Qg2+ 47. Kh4
Qxg4# 0-1

[Event "51st Groningen Open A 2013"]
[Site "Groningen NED"]
[Date "2013.12.21"]
[Round "1.6"]
[White "Michalik, Peter"]
[Black "Schippers, Maurice"]
[Result "1-0"]
[WhiteTitle "GM"]
[WhiteElo "2577"]
[BlackElo "2216"]
[WhiteFideId "14907526"]
[BlackFideId "1004735"]
[EventDate "2013.12.21"]

1. d4 Nf6 2. c4 c5 3. d5 b5 4. cxb5 a6 5. bxa6 g6 6. Nc3 Bxa6 7. Nf3 d6 8. e4
Bxf1 9. Kxf1 Bg7 10. g3 O-O 11. Kg2 Nbd7 12. a4 Qb6 13. Qe2 Rfb8 14. Nb5 Ne8 15.
Bg5 Kf8 16. Nd2 h6 17. Nc4 Qb7 18. Bd2 Nc7 19. Na5 Qa6 20. Nc6 Rb7 21. Bc3 Nf6
22. Nxe7 Kxe7 23. e5 Nfxd5 24. exd6+ Kf8 25. dxc7 Bxc3 26. bxc3 Nxc7 27. Qf3
Rab8 28. c4 Ne6 29. Rhd1 Kg8 30. Rd6 Rb6 31. Rd7 Rf8 32. a5 Rbb8 33. Ra7 Qc8 34.
Nd6 Qd8 35. Nxf7 Nd4 36. Nxh6+ Kh8 37. Qf7 1-0

[Event "51st Groningen Open A 2013"]
[Site "Groningen NED"]
[Date "2013.12.21"]
[Round "1.7"]
[White "Hulshof, Peter"]
[Black "Ernst, Sipke"]
[Result "1/2-1/2"]
[BlackTitle "GM"]
[WhiteElo "2215"]
[BlackElo "2566"]
[WhiteFideId "1003291"]
[BlackFideId "1004689"]
[EventDate "2013.12.21"]

1. g3 d5 2. Bg2 c6 3. d3 e5 4. Nf3 Bd6 5. e4 Bg4 6. h3 Bh5 7. c3 Nd7 8. O-O Ne7
9. Nbd2 O-O 10. Qc2 a5 11. Re1 Qb6 12. g4 Bg6 13. Nh4 a4 14. Nf1 dxe4 15. dxe4
Nc5 16. Ne3 Ne6 17. Nc4 Qc7 18. Nxd6 Qxd6 19. Nf5 Qc7 20. Be3 f6 21. Rad1 Bf7
22. Rd2 Nxf5 23. exf5 Nf4 24. Bxf4 exf4 25. c4 a3 26. b3 Rfe8 27. Rxe8+ Rxe8 28.
Bf3 Qe5 29. Kg2 Qc5 30. Qd1 g5 31. fxg6 hxg6 32. Rd8 Qe5 33. Rxe8+ Bxe8 34. Qd8
Kg7 35. Qa8 Qe7 36. c5 1/2-1/2

[Event "51st Groningen Open A 2013"]
[Site "Groningen NED"]
[Date "2013.12.21"]
[Round "1.8"]
[White "Kovchan, Alexander"]
[Black "Von Meijenfeldt, Bart"]
[Result "1/2-1/2"]
[WhiteTitle "GM"]
[WhiteElo "2562"]
[BlackElo "2207"]
[WhiteFideId "14103052"]
[BlackFideId "1032259"]
[EventDate "2013.12.21"]

1. e4 c5 2. Nf3 d6 3. d4 cxd4 4. Nxd4 Nf6 5. Nc3 a6 6. Be2 e5 7. Nb3 Be7 8. O-O
O-O 9. Be3 Be6 10. Qd2 Nbd7 11. a4 Nb6 12. a5 Nc4 13. Bxc4 Bxc4 14. Rfd1 d5 15.
Bb6 Qd7 16. Nxd5 Nxe4 17. Nf6+ Nxf6 18. Qxd7 Nxd7 19. Rxd7 Bb4 20. Rxb7 Rfc8 21.
Bc7 Bc3 22. bxc3 Bd5 23. Rb6 Rxc7 24. Rd1 Bc4 25. Re1 f6 26. f4 exf4 27. Nd4 Bf7
28. Nc6 Bg6 29. Re7 Rxe7 30. Nxe7+ Kf7 31. Nd5 Bxc2 32. Rb7+ Kg6 33. Nxf4+ Kh6
34. Rc7 Be4 35. Ne6 Re8 36. Nc5 Bd5 37. Kf2 Bc4 38. Nb7 Bd3 39. Nd6 Re6 40. Rd7
Kg6 41. g4 Bb5 42. Nxb5 axb5 43. Rd5 Rc6 44. Rxb5 Rxc3 45. Rh5 Ra3 46. Ke2 Kf7
47. h4 Rg3 48. g5 Kg6 49. gxf6 gxf6 50. Rd5 h5 51. Rd3 Rg2+ 52. Kf3 Ra2 53. Rd5
Ra3+ 54. Kg2 Ra4 1/2-1/2

[Event "51st Groningen Open A 2013"]
[Site "Groningen NED"]
[Date "2013.12.21"]
[Round "1.11"]
[White "Brookes, Christopher"]
[Black "Bok, Benjamin"]
[Result "0-1"]
[BlackTitle "IM"]
[WhiteElo "2182"]
[BlackElo "2540"]
[WhiteFideId "4669355"]
[BlackFideId "1017063"]
[EventDate "2013.12.21"]

1. e4 e5 2. Nf3 Nc6 3. Bb5 a6 4. Ba4 Nge7 5. O-O g6 6. d4 exd4 7. Nxd4 Bg7 8. c3
O-O 9. Be3 d6 10. Nd2 f5 11. exf5 Nxd4 12. Bxd4 Bxd4 13. cxd4 Bxf5 14. Qb3+ Kg7
15. Qxb7 Rb8 16. Qxa6 Rxb2 17. Qa5 Qa8 18. Qxc7 Rb7 19. Qxd6 Qxa4 20. Rfe1 Qd7
21. Qe5+ Rf6 22. Nb3 Nc6 23. Nc5 Nxe5 24. dxe5 Rfb6 25. Nxd7 Rxd7 26. Re2 Ra6
27. h3 Be6 28. f3 Rda7 29. Kf2 Rxa2 30. Raxa2 Rxa2 31. Rxa2 Bxa2 32. Ke3 Kf7 33.
Kf4 h6 34. Ke4 Ke6 35. g3 Bd5+ 36. Kf4 Bc6 37. h4 Bb7 38. Kg4 Kxe5 39. f4+ Kf6 0-1

[Event "51st Groningen Open A 2013"]
[Site "Groningen NED"]
[Date "2013.12.21"]
[Round "1.12"]
[White "Pruijssers, Roeland"]
[Black "Schoehuijs, Erik"]
[Result "1-0"]
[WhiteTitle "GM"]
[WhiteElo "2539"]
[BlackElo "2180"]
[WhiteFideId "1013068"]
[BlackFideId "1004425"]
[EventDate "2013.12.21"]

1. e4 e5 2. Nf3 Nc6 3. Bc4 Bc5 4. c3 Nf6 5. d3 a6 6. Bb3 Ba7 7. Nbd2 O-O 8. h3
h6 9. Nf1 d5 10. Qe2 Be6 11. Ng3 Qd6 12. Bc2 dxe4 13. dxe4 b5 14. Nh2 b4 15. O-O
bxc3 16. bxc3 Qc5 17. Qf3 Nh7 18. Nh5 Ne7 19. Bb3 Qc6 20. Ng4 Ng6 21. Re1 Ng5
22. Nxh6+ Kh7 23. Bxg5 gxh6 24. Bc1 f5 25. exf5 1-0

[Event "51st Groningen Open A 2013"]
[Site "Groningen NED"]
[Date "2013.12.21"]
[Round "1.13"]
[White "Lopez, Jasel"]
[Black "Greenfeld, Alon"]
[Result "0-1"]
[WhiteTitle "CM"]
[BlackTitle "GM"]
[WhiteElo "2179"]
[BlackElo "2531"]
[WhiteFideId "15900045"]
[BlackFideId "2800039"]
[EventDate "2013.12.21"]

1. d4 Nf6 2. c4 g6 3. Nc3 d5 4. Nf3 Bg7 5. Qb3 dxc4 6. Qxc4 O-O 7. e4 Be6 8. d5
Bc8 9. Bf4 c6 10. O-O-O Qa5 11. Nd4 b5 12. Nb3 Qxa2 13. Nxa2 bxc4 14. Bxc4 Nxe4
15. Rhe1 Nd6 16. Bd3 cxd5 17. Rxe7 Nc4 18. Bxc4 dxc4 19. Na5 Na6 20. Bd6 Bf5 21.
Nc6 Rfc8 22. Rxa7 Rxa7 23. Nxa7 Bh6+ 24. f4 Nc5 25. Rd5 Rd8 26. Nc6 Rxd6 27.
Ne7+ Kf8 28. Rxd6 Bxf4+ 29. Rd2 Kxe7 0-1

[Event "51st Groningen Open A 2013"]
[Site "Groningen NED"]
[Date "2013.12.21"]
[Round "1.14"]
[White "Stukopin, Andrey"]
[Black "Ypma, Peter"]
[Result "1-0"]
[WhiteTitle "IM"]
[WhiteElo "2509"]
[BlackElo "2179"]
[WhiteFideId "24107131"]
[BlackFideId "1027255"]
[EventDate "2013.12.21"]

1. Nf3 e6 2. g3 c5 3. Bg2 Nc6 4. c4 Nf6 5. O-O d5 6. d4 dxc4 7. Qa4 cxd4 8. Ne5
Bd7 9. Nxc6 Qb6 10. e3 Bc5 11. b4 cxb3 12. exd4 b2 13. dxc5 bxa1=Q 14. cxb6 Qxb1
15. Be3 Qd3 16. Rd1 Qxd1+ 17. Qxd1 Bxc6 18. Bxc6+ bxc6 19. b7 Rd8 20. Qxd8+ 1-0

[Event "51st Groningen Open A 2013"]
[Site "Groningen NED"]
[Date "2013.12.21"]
[Round "1.15"]
[White "Offringa, Joost"]
[Black "Klein, David"]
[Result "1/2-1/2"]
[BlackTitle "IM"]
[WhiteElo "2178"]
[BlackElo "2491"]
[WhiteFideId "1025880"]
[BlackFideId "1003623"]
[EventDate "2013.12.21"]

1. e4 e6 2. d4 d5 3. Nd2 h6 4. g3 Nf6 5. Bg2 c5 6. dxc5 Bxc5 7. exd5 exd5 8. Nb3
Bb6 9. Qe2+ Be6 10. Be3 O-O 11. Nf3 Re8 12. O-O Nc6 13. Bxb6 Qxb6 14. c3 Bf5 15.
Qd2 Rad8 16. Rad1 Bg4 17. h3 Ne4 18. Qf4 Bh5 19. g4 Bg6 20. g5 hxg5 21. Nxg5
Nxg5 22. Qxg5 Ne5 23. Rxd5 Rxd5 24. Bxd5 Nd3 25. c4 Re5 26. Qg3 Qf6 27. f4 Rf5
28. Bxf7+ Qxf7 29. Qxd3 Kh7 30. Qd4 Rh5 31. Nd2 Bf5 1/2-1/2

[Event "51st Groningen Open A 2013"]
[Site "Groningen NED"]
[Date "2013.12.21"]
[Round "1.16"]
[White "Burg, Twan"]
[Black "Maris, Ivo"]
[Result "1-0"]
[WhiteTitle "IM"]
[WhiteElo "2490"]
[BlackElo "2161"]
[WhiteFideId "1010697"]
[BlackFideId "1028146"]
[EventDate "2013.12.21"]

1. e4 c5 2. Nf3 Nf6 3. Nc3 Nc6 4. d4 d5 5. exd5 Nxd5 6. dxc5 Nxc3 7. Qxd8+ Kxd8
8. bxc3 f6 9. Nd4 Bd7 10. Be3 e5 11. Nb5 Ne7 12. Nd6 Kc7 13. Bc4 Bc6 14. O-O-O
a6 15. Nf7 Rg8 16. Nd6 Rh8 17. f3 h5 18. Rd2 h4 19. h3 g6 20. Rhd1 Bg7 21. Be6
g5 22. Nf7 Rhf8 23. Rd7+ Bxd7 24. Rxd7+ Kc6 25. Rxe7 1-0

[Event "51st Groningen Open A 2013"]
[Site "Groningen NED"]
[Date "2013.12.21"]
[Round "1.18"]
[White "Svane, Rasmus"]
[Black "Vereggen, Lars"]
[Result "1-0"]
[WhiteTitle "IM"]
[WhiteElo "2472"]
[BlackElo "2147"]
[WhiteFideId "4657101"]
[BlackFideId "1029258"]
[EventDate "2013.12.21"]

1. d4 Nf6 2. c4 e6 3. Nc3 Bb4 4. Qc2 O-O 5. Nf3 b6 6. e4 d6 7. e5 Nfd7 8. Qe4 c6
9. Bg5 d5 10. cxd5 cxd5 11. Qc2 f6 12. exf6 gxf6 13. Bh6 Rf7 14. Bd3 Ba6 15. O-O
Bxd3 16. Qxd3 Bf8 17. Bf4 Bg7 18. Bd6 Bf8 19. Bg3 Bg7 20. Nb5 Nf8 21. Rac1 a6
22. Nd6 Rc7 23. Qb3 Rxc1 24. Rxc1 Nbd7 25. Rc6 Ng6 26. h4 b5 27. h5 Ngf8 28. Qa3
b4 29. Qxb4 Rb8 30. Nb7 1-0

[Event "51st Groningen Open A 2013"]
[Site "Groningen NED"]
[Date "2013.12.21"]
[Round "1.20"]
[White "Cernousek, Lukas"]
[Black "Lee, Kai Jie Edward"]
[Result "1/2-1/2"]
[WhiteTitle "IM"]
[WhiteElo "2455"]
[BlackElo "2145"]
[WhiteFideId "311707"]
[BlackFideId "5802920"]
[EventDate "2013.12.21"]

1. d4 Nf6 2. c4 e6 3. g3 d5 4. Nf3 Bb4+ 5. Bd2 Be7 6. Bg2 O-O 7. O-O c6 8. Qc2
Nbd7 9. Rd1 b6 10. b3 Bb7 11. Nc3 Rc8 12. e4 dxe4 13. Nxe4 c5 14. Nxf6+ Nxf6 15.
dxc5 Be4 16. Qb2 bxc5 17. Bc3 Qb6 18. Ne5 Bxg2 19. Kxg2 Ne4 20. Rd7 Bd6 21. Rd1
f6 22. f3 fxe5 23. fxe4 Qc6 24. R7xd6 Qxe4+ 25. Kg1 Qe3+ 26. Kg2 Qe4+ 27. Kg1 1/2-1/2

[Event "51st Groningen Open A 2013"]
[Site "Groningen NED"]
[Date "2013.12.21"]
[Round "1.21"]
[White "Go, Benjamin"]
[Black "Donchenko, Alexander"]
[Result "0-1"]
[BlackTitle "IM"]
[WhiteElo "2140"]
[BlackElo "2455"]
[WhiteFideId "1014560"]
[BlackFideId "24603295"]
[EventDate "2013.12.21"]

1. e4 c6 2. d4 d5 3. Nc3 dxe4 4. f3 exf3 5. Nxf3 Bf5 6. Bc4 e6 7. O-O Nf6 8. Ng5
Bg6 9. Ne2 c5 10. c3 h6 11. Nxe6 fxe6 12. Nf4 Bf7 13. Bxe6 Bxe6 14. Nxe6 Qb6 15.
Qe2 Kd7 16. Re1 Na6 17. Nxf8+ Raxf8 18. dxc5 Qc6 19. b4 Nc7 20. Be3 Kc8 21. a4
Qe4 22. Qd2 Ncd5 23. Bd4 Qf4 24. Qd3 Re8 25. c6 bxc6 26. Qa6+ Kd7 27. b5 Qc7 28.
Red1 Ke7 29. bxc6 Kf7 30. Qc4 Re6 31. Rab1 Qxc6 32. Qxc6 Rxc6 33. Rb7+ Rc7 34.
Rxc7+ Nxc7 35. Bxa7 Ra8 36. Bb6 Ncd5 37. a5 Nxb6 38. axb6 Rb8 39. Rb1 Nd5 40. c4
Rxb6 41. Rf1+ Nf6 0-1

[Event "51st Groningen Open A 2013"]
[Site "Groningen NED"]
[Date "2013.12.21"]
[Round "1.22"]
[White "Javakhadze, Zurab"]
[Black "Van Osch, Mees"]
[Result "1-0"]
[WhiteTitle "IM"]
[WhiteElo "2451"]
[BlackElo "2139"]
[WhiteFideId "13603647"]
[BlackFideId "1035967"]
[EventDate "2013.12.21"]

1. Nf3 Nf6 2. c4 g6 3. Nc3 Bg7 4. g3 O-O 5. Bg2 d6 6. O-O Nc6 7. Rb1 e5 8. d3
Re8 9. Bg5 h6 10. Bxf6 Bxf6 11. b4 a6 12. a4 a5 13. b5 Nb4 14. Ne1 c5 15. bxc6
bxc6 16. Nc2 Nxc2 17. Bxc6 Bh3 18. Qxc2 1-0

[Event "51st Groningen Open A 2013"]
[Site "Groningen NED"]
[Date "2013.12.21"]
[Round "1.23"]
[White "Dehn, Marcus"]
[Black "Garcia Palermo, Carlos"]
[Result "0-1"]
[BlackTitle "GM"]
[WhiteElo "2135"]
[BlackElo "2450"]
[WhiteFideId "4667093"]
[BlackFideId "110124"]
[EventDate "2013.12.21"]

1. d4 Nf6 2. Nf3 e6 3. Bf4 d5 4. e3 Bd6 5. Bxd6 Qxd6 6. c3 Nbd7 7. Nbd2 b6 8.
Bd3 Bb7 9. O-O O-O 10. Qb1 e5 11. dxe5 Nxe5 12. Nxe5 Qxe5 13. Nf3 Qe7 14. a4 a5
15. Ng5 g6 16. Be2 Rfd8 17. Qc2 Rd6 18. Nf3 c5 19. Rfd1 Rad8 20. Ne1 d4 21. cxd4
cxd4 22. Rxd4 Rxd4 23. exd4 Rxd4 24. Bf3 Be4 25. Qc1 Kg7 26. h3 h5 27. Qc3 Qb4
28. Bxe4 Nxe4 29. Qxb4 Rxb4 30. Nd3 Rd4 31. Ra3 h4 32. Kh2 Nf6 33. Kg1 Nd5 34.
Kf1 Kf6 35. Ke2 Kf5 36. Ra1 Nf4+ 37. Nxf4 Re4+ 38. Kd3 Rxf4 39. Ke3 Rb4 40. Ra2
g5 41. Kd3 g4 42. Ra3 gxh3 43. gxh3 Rxb2 44. Ke3 Rb4 45. Kf3 f6 46. Ke3 Ke5 47.
Kd3 Kf4 48. Ke2 Re4+ 49. Kd2 f5 50. Kd1 Ke5 51. Rb3 Rd4+ 52. Kc2 Rxa4 53. Rxb6
Ra2+ 54. Kd3 Kf4 55. Rh6 Ra3+ 56. Ke2 Rxh3 57. Kf1 Kg5 58. Ra6 Ra3 59. Kg2 h3+
60. Kh2 Kf4 61. Rg6 Ra2 62. Kxh3 Rxf2 63. Rc6 Ra2 64. Rc4+ Kg5 65. Rc3 a4 66.
Kg3 a3 67. Kf3 Ra1 68. Kg2 a2 69. Ra3 f4 70. Ra8 f3+ 71. Kh2 f2 72. Rg8+ Kh6 0-1

[Event "51st Groningen Open A 2013"]
[Site "Groningen NED"]
[Date "2013.12.21"]
[Round "1.24"]
[White "Lobzhanidze, Davit"]
[Black "Theulings, Paul-Peter"]
[Result "1-0"]
[WhiteTitle "IM"]
[BlackTitle "CM"]
[WhiteElo "2445"]
[BlackElo "2130"]
[WhiteFideId "13600796"]
[BlackFideId "1002899"]
[EventDate "2013.12.21"]

1. e4 Nf6 2. e5 Nd5 3. d4 d6 4. c4 Nb6 5. exd6 exd6 6. Nc3 Be7 7. Bd3 Nc6 8.
Nge2 O-O 9. O-O Re8 10. b3 a5 11. Be3 Nb4 12. Bb1 a4 13. a3 axb3 14. Qxb3 Nc6
15. c5 Nd7 16. Ba2 Rf8 17. cxd6 Bxd6 18. Nb5 Nf6 19. d5 Ne5 20. Nxd6 Qxd6 21.
Bf4 Nh5 22. Bxe5 Qxe5 23. Rfe1 Re8 24. Qb4 Qd6 25. Qh4 Nf6 26. Nc3 Bd7 27. a4
Re5 28. Rxe5 Qxe5 29. Qg3 Re8 30. Qxe5 Rxe5 31. f3 Re3 32. Rc1 Rd3 33. Bc4 Rd2
34. Bb5 Bf5 35. Bf1 h5 36. Nb5 Nxd5 37. Nxc7 Ne3 38. Nb5 Bc2 39. Nc3 b6 40. Be2
Nf5 41. Kf2 Nd4 42. Ke3 Nb3 43. Re1 Rd7 44. Bb5 Re7+ 45. Kf2 Rxe1 46. Kxe1 Nc5
47. Kd2 Bb3 48. Ke3 f6 49. Kd4 Kf7 50. Bc4+ Ne6+ 51. Kd3 Bxc4+ 52. Kxc4 Nc7 53.
Nd5 1-0

[Event "51st Groningen Open A 2013"]
[Site "Groningen NED"]
[Date "2013.12.21"]
[Round "1.25"]
[White "Van Foreest, Lucas"]
[Black "Kohlweyer, Bernd"]
[Result "0-1"]
[BlackTitle "IM"]
[WhiteElo "2120"]
[BlackElo "2431"]
[WhiteFideId "1039792"]
[BlackFideId "4600622"]
[EventDate "2013.12.21"]

1. d4 Nf6 2. c4 e6 3. Nf3 d5 4. Nc3 dxc4 5. e3 a6 6. a4 b6 7. Bxc4 Bb7 8. O-O
Bb4 9. Bd2 Qe7 10. Na2 Bd6 11. a5 O-O 12. axb6 cxb6 13. Nc3 Nbd7 14. Qe2 b5 15.
Bd3 e5 16. dxe5 Nxe5 17. Nxe5 Qxe5 18. f4 Qe7 19. Rae1 Rfe8 20. h3 b4 21. Na4
Ne4 22. Kh2 Qh4 23. Bxe4 Rxe4 24. Nb6 Rae8 25. g3 Qd8 26. Nc4 Bf8 27. Ne5 f6 28.
Nd3 Rd4 29. exd4 Rxe2+ 30. Rxe2 Qxd4 31. Nc1 Qxb2 32. Be3 Qc3 33. Rd1 h5 34. Rd3
Qc6 35. Rd1 a5 36. Nb3 a4 37. Nd4 Qd5 38. Red2 b3 39. f5 a3 40. Ne6 Qf3 41. Bf4
Bb4 0-1

[Event "51st Groningen Open A 2013"]
[Site "Groningen NED"]
[Date "2013.12.21"]
[Round "1.26"]
[White "Goudriaan, Etienne"]
[Black "Markus, John Raymond"]
[Result "1-0"]
[WhiteTitle "FM"]
[WhiteElo "2429"]
[BlackElo "2118"]
[WhiteFideId "1021150"]
[BlackFideId "1001213"]
[EventDate "2013.12.21"]

1. d4 d5 2. c4 c6 3. Nc3 dxc4 4. e3 b5 5. a4 b4 6. Ne4 Qd5 7. Ng3 Nf6 8. Be2 Ba6
9. e4 Qa5 10. Nf3 e6 11. O-O Nbd7 12. Bg5 h6 13. Bxf6 gxf6 14. Qc1 Nb6 15. Nd2
O-O-O 16. Bxc4 Nxc4 17. Nxc4 Qc7 18. Rd1 h5 19. h4 Kb8 20. e5 fxe5 21. Nxe5 Bb7
22. Qg5 Be7 23. Qe3 Bd6 24. a5 c5 25. a6 Bd5 26. Rac1 Bxe5 27. dxe5 c4 28. b3 c3
29. Rd4 Qb6 30. Qf4 Qxa6 31. Rxb4+ Ka8 32. Rxc3 Rc8 33. Rxc8+ Rxc8 34. Kh2 Qc6
35. Qxf7 Qc3 36. Ra4 Rc7 37. Qf8+ Rc8 38. Qe7 Rc7 39. Qd8+ Rc8 40. Qe7 Rc7 41.
Qe8+ Rc8 42. Qf7 Rc7 43. Qxh5 Qxb3 44. Qe8+ Kb7 45. Rf4 Bc6 46. Qd8 a5 47. h5
Qc3 48. Qd4 Qxd4 49. Rxd4 Kb6 50. h6 Rh7 51. Rh4 a4 52. Ne2 a3 53. Nc3 Kc5 54.
Kg3 Kb6 55. Kf4 Bxg2 56. Kg5 Bf1 57. Ra4 Bd3 58. Rxa3 Kc5 59. Na4+ Kd4 60. Rxd3+
Kxd3 61. Kg6 Rc7 62. h7 Rxh7 63. Kxh7 Ke4 64. Kg6 Kxe5 65. Kg5 Ke4 66. Kg4 e5
67. Nb2 Kd4 68. Kf3 1-0

[Event "51st Groningen Open A 2013"]
[Site "Groningen NED"]
[Date "2013.12.21"]
[Round "1.27"]
[White "Sparenberg, Erik"]
[Black "Bellia, Fabrizio"]
[Result "1/2-1/2"]
[BlackTitle "IM"]
[WhiteElo "2112"]
[BlackElo "2424"]
[WhiteFideId "1013262"]
[BlackFideId "800511"]
[EventDate "2013.12.21"]

1. e4 c6 2. d4 d5 3. Nc3 dxe4 4. Nxe4 Bf5 5. Ng3 Bg6 6. Nf3 Nd7 7. h4 h6 8. h5
Bh7 9. Bd3 Bxd3 10. Qxd3 e6 11. Bd2 Qc7 12. O-O-O Ngf6 13. Kb1 O-O-O 14. Ne4
Nxe4 15. Qxe4 Nf6 16. Qe2 Bd6 17. c4 c5 18. Bc3 Rhe8 19. dxc5 Bxc5 20. Ne5 Rxd1+
21. Rxd1 Rd8 22. Rc1 Bd4 23. f4 Bxc3 24. Rxc3 Rd4 25. Qe3 Re4 26. Qxa7 Rxf4 27.
Qa8+ Qb8 28. Qa5 Qc7 29. Qa8+ Qb8 30. Qa5 1/2-1/2

[Event "51st Groningen Open A 2013"]
[Site "Groningen NED"]
[Date "2013.12.21"]
[Round "1.29"]
[White "Zojer, Stefan"]
[Black "Arslanov, Shamil"]
[Result "0-1"]
[BlackTitle "IM"]
[WhiteElo "2089"]
[BlackElo "2403"]
[WhiteFideId "1616455"]
[BlackFideId "4192826"]
[EventDate "2013.12.21"]

1. e4 e6 2. d4 d5 3. Nd2 Nf6 4. e5 Nfd7 5. Bd3 c5 6. c3 Nc6 7. Ngf3 g6 8. h4 Qb6
9. h5 g5 10. Nxg5 cxd4 11. cxd4 Nxd4 12. Ndf3 Nc6 13. Nxh7 Be7 14. Qe2 Qb4+ 15.
Kf1 Qg4 16. h6 Ndxe5 17. Bg5 Bxg5 18. Nhxg5 Qf4 19. g3 Qf6 20. Nh7 Qxf3 21. Qxf3
Nxf3 22. Kg2 Nce5 0-1

[Event "51st Groningen Open A 2013"]
[Site "Groningen NED"]
[Date "2013.12.21"]
[Round "1.31"]
[White "Sandvik, Thomas"]
[Black "Hendriks, Willy"]
[Result "0-1"]
[BlackTitle "IM"]
[WhiteElo "2083"]
[BlackElo "2396"]
[WhiteFideId "503231"]
[BlackFideId "1000713"]
[EventDate "2013.12.21"]

1. e4 d6 2. d4 Nf6 3. Nc3 g6 4. f4 Bg7 5. Nf3 O-O 6. Bd3 Na6 7. O-O c5 8. d5 Bg4
9. h3 Bxf3 10. Qxf3 Nb4 11. a3 Nxd3 12. Qxd3 Rc8 13. Be3 Nd7 14. Rab1 a6 15. Ne2
b5 16. c4 Qa5 17. cxb5 axb5 18. Bd2 Qb6 19. Kh2 c4 20. Qe3 Qxe3 21. Bxe3 Nc5 22.
Bxc5 Rxc5 23. f5 Rb8 24. Rf3 b4 25. fxg6 hxg6 26. axb4 Rxb4 27. Nc3 Rc8 28. Na2
Rxb2 29. Rxb2 Bxb2 30. Nc3 Rb8 31. Nd1 Be5+ 32. g3 Rb1 33. Ne3 Rb2+ 34. Kh1 c3 0-1

[Event "51st Groningen Open A 2013"]
[Site "Groningen NED"]
[Date "2013.12.21"]
[Round "1.32"]
[White "Chytilek, Roman"]
[Black "Henseler, Jorgen"]
[Result "1-0"]
[WhiteTitle "IM"]
[WhiteElo "2374"]
[BlackElo "2073"]
[WhiteFideId "304980"]
[BlackFideId "1023233"]
[EventDate "2013.12.21"]

1. d4 Nf6 2. Nf3 g6 3. c4 Bg7 4. Nc3 O-O 5. e4 d6 6. h3 e5 7. d5 Nh5 8. Nh2 Nf4
9. g3 Nxh3 10. Nf3 g5 11. Rxh3 g4 12. Rh5 gxf3 13. Qxf3 Qf6 14. Qxf6 Bxf6 15.
Be2 Bg7 16. g4 a5 17. Be3 f6 18. c5 Rf7 19. cxd6 cxd6 20. Kd2 Bf8 21. Rg1 Nd7
22. f3 Be7 23. Nb5 Nf8 24. Nc7 1-0

[Event "51st Groningen Open A 2013"]
[Site "Groningen NED"]
[Date "2013.12.21"]
[Round "1.34"]
[White "Hoeksema, Hendrik Pieter"]
[Black "Stavast, Dick"]
[Result "1-0"]
[WhiteTitle "IM"]
[WhiteElo "2369"]
[BlackElo "2066"]
[WhiteFideId "1000454"]
[BlackFideId "1014005"]
[EventDate "2013.12.21"]

1. d4 d6 2. e4 Nf6 3. f3 e5 4. d5 Be7 5. Be3 Nh5 6. Qd2 h6 7. Ne2 Bg5 8. c4 Na6
9. g3 O-O 10. Nbc3 Bxe3 11. Qxe3 Qg5 12. Kd2 Bd7 13. h4 Qxe3+ 14. Kxe3 g6 15. g4
Ng7 16. Ng3 f5 17. gxf5 gxf5 18. exf5 Nxf5+ 19. Nxf5 Bxf5 20. Bh3 Nb4 21. Rag1+
Kh7 22. Nb5 Bxh3 23. Rxh3 Rf7 24. a3 a6 25. Nxd6 Nxd5+ 26. cxd5 cxd6 27. Rhg3
Rc8 28. Rg6 Rc4 29. Rxd6 Rxh4 30. Rgg6 Rh3 31. Rgf6 Rg7 32. Rde6 Rh1 33. d6 h5
34. Rh6+ Kg8 35. Re8+ Kf7 36. d7 1-0